US States from Washington DC - Statistics

General Stats
  • This quiz has been taken 30 times
  • The average score is 39 of 50
Answers on the Map
Answers color-coded by a green-red scale on the quiz's map according to % correct below.
 
Answer Stats
Distance (mi) Answer % Correct
0 Maryland
100%
83 New Jersey
100%
50 Pennsylvania
100%
0 Virginia
100%
63 Delaware
96%
180 New York
96%
156 North Carolina
96%
40 West Virginia
96%
225 Connecticut
92%
206 Ohio
92%
298 Kentucky
88%
282 Massachusetts
88%
313 Rhode Island
88%
313 South Carolina
85%
295 Tennessee
85%
327 Vermont
85%
431 Maine
81%
353 New Hampshire
81%
542 Alabama
77%
2652 Alaska
77%
426 Georgia
77%
4734 Hawaii
77%
1735 Arizona
73%
2063 California
73%
1323 Colorado
73%
613 Florida
73%
558 Illinois
73%
413 Indiana
73%
385 Michigan
73%
667 Mississippi
73%
1437 Montana
73%
1937 Nevada
73%
1411 New Mexico
73%
1099 North Dakota
73%
1039 South Dakota
73%
2063 Washington
73%
610 Wisconsin
73%
1426 Wyoming
73%
718 Arkansas
69%
1778 Idaho
69%
882 Louisiana
69%
971 Nebraska
69%
2042 Oregon
69%
1012 Texas
69%
1687 Utah
69%
715 Iowa
65%
936 Kansas
65%
797 Minnesota
65%
667 Missouri
65%
961 Oklahoma
65%
No matching quizzes found
Score Distribution
Percent of People with Each Score
Percentile by Number Answered
Your Score History
You have not taken this quiz